Online
Catalog
Normal view MARC view

Entry Nombre personal

Number of records used in: 32

001 - NÚMERO DE CONTROL

  • campo de control: 5547

003 - IDENTIFICADOR DEL NÚMERO DE CONTROL

  • campo de control: OSt

005 - FECHA Y HORA DE LA ÚLTIMA TRANSACCIÓN

  • campo de control: 20200615032116.0

008 - DATOS DE LONGITUD FIJA

  • campo de control de longitud fija: 200615|| aca||aabn | a|a d

040 ## - FUENTE DE LA CATALOGACIÓN

  • Centro catalogador/agencia de origen: OSt
  • Centro/agencia transcriptor: OSt

100 ## - ENCABEZAMIENTO-NOMBRE DE PERSONA

  • Nombre de persona: Calderón de la Barca, Pedro,
  • Fechas asociadas al nombre: 1600-1681

670 ## - FUENTE DE DATOS ENCONTRADOS

  • Cita de la fuente: Work cat.: (OSt)1584: Calderón de la Barca, Pedro, 1600-1681., La vida es sueño :, 1980.

Powered by Koha